| 000 | 00777nam0a22002291 4500 | ||
|---|---|---|---|
| 001 | rc\2718391 | ||
| 005 | 20250529125401.0 | ||
| 035 | _a(NLR Aleph) 006846179 | ||
| 090 |
_a6697669 _c6697669 |
||
| 100 | _a20110915d1938 |||y0rusy50 ca | ||
| 101 | 0 | _arus | |
| 102 | _aRU | ||
| 105 | _ay z ||||| | ||
| 200 | 1 |
_aОсновы бухгалтерского учета судебно-бухгалтерской экспертизы _fНар. ком. юст. АССР Немцев Поволжья |
|
| 210 |
_aЭнгельс _cТип. НКМП АССРНП _d1938 |
||
| 215 |
_a188 с. _d23 см. |
||
| 700 | 1 |
_aЛюбкин _bВ.Б. _gВиктор Борисович |
|
| 801 | 0 |
_aRU _bNLR _gpsbo |
|
| 801 | 1 |
_aRU _bELAR _2rusmarc |
|
| 852 |
_aNLR _j38-4/1109 |
||
| 942 | _cBOOK | ||
| 980 | _aNB | ||